| 000 | 01154nam a22003377a 4500 | ||
|---|---|---|---|
| 003 | CHAP | ||
| 005 | 20220329135222.0 | ||
| 008 | 971013s1982 r 00010 d | ||
| 010 | _a32817 | ||
| 011 | _a33789 | ||
| 035 | _a37905 | ||
| 040 | _cCHAP | ||
| 090 | _aTesis | ||
| 100 | 0 | 0 |
_aLópez Méndez, Sinecio. _968133 |
| 245 |
_aHueyapan _b: el desarrollo de una comunidad rural en la parte alta de Morelos |
||
| 260 |
_aChapingo, Méx. : _bEl autor, _c1982 |
||
| 300 |
_a198 h. _b: ilus. ; mapas |
||
| 502 | _aTesis (Ing. Agr. Esp. en Fitotecnia) -- UACH. Departamento de Fitotecnia | ||
| 590 |
_aALEPH _b10 _c20130110 _lUCH01 _h1256 |
||
| 590 |
_aBATCH-UPD _b10 _c20130110 _lUCH01 _h1143 |
||
| 590 |
_aBATCH-UPD _b10 _c20130410 _lUCH01 _h0729 |
||
| 590 |
_aBATCH-UPD _b10 _c20130914 _lUCH01 _h0032 |
||
| 590 |
_aCONVERSION _b10 _c20130109 _lUCH01 _h1318 |
||
| 650 | 1 | 4 |
_aAgricultura _xMorelos. _91747 |
| 650 | 1 | 4 |
_aDesarrollo de la comunidad rural _xMorelos. _932016 |
| 901 | _aBK | ||
| 942 | _cFOLL | ||
| 949 |
_bBC _cTES _d-86856 _eTS1 _i37905 _si |
||
| 949 |
_bBC _cTES _d-86857 _eTS2 _fc.2 _i37905 _si |
||
| 949 |
_bBC _cTES _d-86858 _eTS2 _fc.3 _h21974 _i37905 _si |
||
| 999 |
_c32817 _d32817 |
||